[Event "Thompson Memorial op U2000"]
[Site "Dallas"]
[Date "2000.08.06"]
[Round "4"]
[White "Ebady, Sherif"]
[Black "Shih, Kelvin"]
[Result "1-0"]
[WhiteElo "1919"]
[BlackElo "1893"]
[PlyCount "98"]
[EventDate "2000.08.04"]
[EventType "swiss"]
[EventRounds "5"]
[EventCountry "USA"]
[SourceTitle "EXT 2005"]
[Source "ChessBase"]
[SourceDate "2004.11.15"]
[SourceVersion "1"]
[SourceVersionDate "2004.11.15"]
[SourceQuality "1"]

1. e4 d6 2. d4 Nf6 3. Nc3 g6 4. f4 Bg7 5. Nf3 c5 6. d5 0-0 7. Be2 Bg4 8. 0-0 e6 9. dxe6 Bxe6 10. Ng5 Qe7 11. Nxe6 Qxe6 12. f5 Qe7 13. Bg5 Nbd7 14. Bd3 h6 15. Nd5 Qe5 16. Bf4 Qd4+ 17. Be3 Qe5 18. Nxf6+ Nxf6 19. Qf3 Rae8 20. Rae1 a6 21. Bf4 Qd4+ 22. Kh1 c4 23. Be3 Qe5 24. Bxc4 Qxe4 25. Qxe4 Rxe4 26. Bd3 Rg4 27. h3 Ra4 28. fxg6 fxg6 29. Bxg6 Ne4 30. Rxf8+ Kxf8 31. b3 Ng3+ 32. Kg1 Rxa2 33. Bf2 Be5 34. Rxe5 dxe5 35. Bxg3 Kg7 36. Bd3 Kf6 37. Kf2 b5 38. Ke3 b4 39. Ke4 Ra5 40. Be1 Rc5 41. Bxb4 Rc6 42. Bc4 h5 43. Be1 Rc5 44. Bh4+ Kg6 45. Be7 Ra5 46. Bb4 Ra1 47. Kxe5 Rg1 48. Bd5 Rf1 49. Be4+ Kf7 1-0

[Event "Thompson Memorial op U2000"]
[Site "Dallas"]
[Date "2000.08.05"]
[Round "1"]
[White "Shih, Kelvin"]
[Black "Walsh, Jonathan R"]
[Result "1-0"]
[WhiteElo "1893"]
[BlackElo "1814"]
[PlyCount "65"]
[EventDate "2000.08.04"]
[EventType "swiss"]
[EventRounds "5"]
[EventCountry "USA"]
[SourceTitle "EXT 2005"]
[Source "ChessBase"]
[SourceDate "2004.11.15"]
[SourceVersion "1"]
[SourceVersionDate "2004.11.15"]
[SourceQuality "1"]

1. d4 e6 2. Nf3 Nf6 3. Bg5 Be7 4. e3 d6 5. Bd3 b6 6. 0-0 Bb7 7. Nbd2 Nbd7 8. c3 h6 9. Bh4 Nf8 10. h3 g5 11. Bg3 Rg8 12. e4 g4 13. hxg4 Nxg4 14. Nh2 h5 15. Nxg4 Rxg4 16. Be2 Rg7 17. Bxh5 Bh4 18. Qf3 Ng6 19. Rfe1 Qg5 20. Nf1 0-0-0 21. Bxg6 Rxg6 22. Qf4 Bxg3 23. Qxg3 Qf6 24. Qd3 Rh8 25. d5 Qh4 26. Ng3 Rxg3 27. fxg3 Qh2+ 28. Kf2 exd5 29. exd5 Qh6 30. Qf5+ Kb8 31. Qf3 Rg8 32. Qxf7 Bc8 33. Qxg8 1-0

[Event "Southwest op U2000 65th"]
[Site "Houston"]
[Date "1999.09.05"]
[Round "4"]
[White "Shih, Kelvin"]
[Black "Lewkowski, Bruce E"]
[Result "1-0"]
[WhiteElo "1742"]
[BlackElo "1814"]
[PlyCount "77"]
[EventDate "1999.09.04"]
[EventType "swiss"]
[EventRounds "6"]
[EventCountry "USA"]
[SourceTitle "EXT 2001"]
[Source "ChessBase"]
[SourceDate "2000.11.22"]
[SourceVersion "1"]
[SourceVersionDate "2000.11.22"]
[SourceQuality "1"]

1. d4 Nf6 2. Bg5 Ne4 3. h4 c5 4. d5 Qb6 5. Nd2 Nxd2 6. Bxd2 Qxb2 7. e4 d6 8. Ne2 Qe5 9. f3 Qb2 10. Nc3 Qb6 11. h5 a6 12. Bc4 Qc7 13. Qe2 b5 14. e5 dxe5 15. Bd3 c4 16. Be4 Qd6 17. g4 Bb7 18. Be3 Nd7 19. Qf2 Rc8 20. 0-0 g6 21. Qh4 b4 22. Ne2 Nf6 23. hxg6 fxg6 24. Bxg6+ Kd8 25. Bf5 Rc7 26. f4 Bxd5 27. fxe5 Qxe5 28. Bf4 Qxe2 29. Rf2 Qxf2+ 30. Qxf2 Rc6 31. Qa7 e6 32. Qb8+ Ke7 33. Qb7+ Ke8 34. Re1 Be7 35. Qb8+ Bd8 36. Qe5 Ke7 37. g5 Rg8 38. Kf1 Bc7 39. Qxf6+ 1-0